| 000 | 00823nam a22002537a 4500 | ||
|---|---|---|---|
| 999 |
_c42756 _d42756 |
||
| 001 | 13814 | ||
| 003 | CO-MdFUSB | ||
| 005 | 20171120091256.0 | ||
| 008 | 171120t1975 xxu||||| |||| 00| 0 spa d | ||
| 020 | _a0-939125-16-1 | ||
| 040 |
_aCO-MdFUSB _bspa _cCO-MdFUSB _dCO-MdFUSBC _erda |
||
| 041 | 0 |
_aspa _heng |
|
| 082 | 0 | 4 | _aG 226.2 E663e |
| 100 | 1 |
_aErdman, Carlos R. (Charles Rosenbury) (1866-1960) _eautor |
|
| 245 | 3 |
_aEl Evangelio de Mateo _c / Charles R. Erdman ; José María Blanch, Traductor |
|
| 264 | 4 |
_aGrand Rapids, M.I. : _bDesafío, _c©1975 |
|
| 300 | _a284 Pág. | ||
| 336 |
_2rdacontent _atexto _btxt |
||
| 337 |
_2rdamedia _asin mediación _bn |
||
| 338 |
_2rdacarrier _avolumen _bnc |
||
| 500 | _aTítulo original : The Gospel of Matthew | ||
| 653 | _aBiblia N.T. - Evangelios sinópticos | ||
| 942 | _cBK | ||